南京地铁站名里的城门 - Statistics

General Stats
  • This quiz has been taken 71 times
    5 since last reset
  • The average score is 13 of 17
Answer Stats
Hint Answer % Correct
1号线 玄武门
100%
1号线 中华门
100%
3号线 雨花门
100%
1号线 安德门
80%
2号线 西安门
80%
3号线 武定门
80%
4号线 草场门
80%
5号线 通济门
80%
5号线 光华门
80%
7号线 尧化门
80%
7号线 草场门
80%
10号线 安德门
80%
S6号线 麒麟门
80%
2号线 汉中门
60%
2号线 仙鹤门
60%
3号线 上元门
60%
10号线 高桥门
40%
No matching quizzes found
Score Distribution
Percent of People with Each Score
Percentile by Number Answered
Your Score History
You have not taken this quiz since the last reset